|
|
|
|
| LEADER |
03337nam a2200421 a 4500 |
| 001 |
45000 |
| 003 |
BD-DhAAL |
| 005 |
20251103120546.0 |
| 008 |
251030t2006 enkab b 000 0 eng d |
| 010 |
|
|
|a 2007273278
|
| 020 |
|
|
|a 0521699746
|
| 020 |
|
|
|a 9780521699747
|
| 035 |
|
|
|a 14806564
|
| 035 |
|
|
|a (OCoLC)77141568
|
| 040 |
|
|
|a TJC
|c TJC
|d DLC
|d BD-DhAAL
|
| 042 |
|
|
|a lccopycat
|
| 043 |
|
|
|a a-ii---
|
| 050 |
0 |
0 |
|a HD8686
|b .C66 2006
|
| 082 |
0 |
0 |
|a 331.10954
|2 22
|
| 245 |
0 |
0 |
|a Coolies, capital, and colonialism :
|b studies in Indian labour history /
|c edited by Rana P. Behal and Marcel van der Linden.
|
| 246 |
3 |
0 |
|a Studies in Indian labour history
|
| 260 |
|
|
|a Cambridge ;
|a New York, NY :
|b Cambridge University Press,
|c 2006.
|
| 300 |
|
|
|a 286 pages :
|b illustrations, maps ;
|c 23 cm
|
| 440 |
|
0 |
|a International review of social history.
|p Supplement
|v 14
|9 59768
|
| 500 |
|
|
|a Published for the International Institute voor Sociale Geschiedenis, Amsterdam.
|
| 504 |
|
|
|a Includes bibliographical references (p. [279]-286).
|
| 505 |
0 |
|
|a Introduction / Sabyasachi Bhattacharya -- Working across the seas : Indian maritime labourers in India, Britain, and in between, 1600-1857 / Michael H. Fisher -- The brickmakers' strikes on the Ganges Canal in 1848-1849 / Jan Lucassen -- On the move : circulating labour in pre-colonial, colonial, and post-colonial India / Ian J. Kerr -- Mobility and containment : the voyages of South Asian seamen, c. 1900-1960 / Ravi Ahuja -- Power structure, discipline and labour in Assam tea plantations during colonial rule / Rana P. Behal -- "Following custom?" : representations of community among Indian immigrant labour in the West Indies, 1880-1920 / Prabhu P. Mohapatra -- Masculinity, respect, and the tragic : themes of proletarian humor in contemporary industrial Delhi / Shankar Ramaswami -- Stretching labour historiography : ideas from South Asia / Willem van Schendel -- War on the shopfloor / Rajnarayan Chandavarkar.
|
| 526 |
|
|
|a ENH
|x Gazi Md. Mizanur Rahman
Assistant Professor,
Department of English and Humanities
BRAC University
Course name: Global Migration & Transnational Community (HST 408)
|
| 541 |
|
|
|a Book finder International
|e 45000, 45001
|
| 650 |
|
0 |
|a Labor
|z India
|x History.
|9 59769
|
| 650 |
|
0 |
|a Working class
|z India
|x History.
|9 48286
|
| 700 |
1 |
|
|a Behal, Rana Partap.
|9 59770
|
| 700 |
1 |
|
|a Linden, Marcel van der,
|d 1952-
|9 59771
|
| 852 |
|
|
|a Ayesha Abed Library
|c General stacks
|
| 942 |
|
|
|2 ddc
|c BK
|
| 999 |
|
|
|c 47617
|d 47617
|
| 952 |
|
|
|0 0
|1 0
|2 ddc
|4 0
|6 331_109540000000000_COL
|7 0
|9 78420
|a BRACUL
|b BRACUL
|c GEN
|d 2025-10-27
|e Book Finder International
|g 3829.00
|l 1
|o 331.10954 COL
|p 3010045001
|r 2025-11-03
|s 2025-11-03
|t 2
|v 7658.00
|w 2025-10-27
|y BK
|x Requisitioned by Gazi Md. Mizanur Rahman (Assistant Professor, Department of English and Humanities, BRAC University) for the course named- 'Global Migration & Transnational Community (HST 408)'
|
| 952 |
|
|
|0 0
|1 0
|2 ddc
|4 0
|6 331_109540000000000_COL
|7 0
|9 78421
|a BRACUL
|b BRACUL
|c NEW
|d 2025-10-27
|e Book Finder International
|g 3829.00
|l 2
|m 3
|o 331.10954 COL
|p 3010045000
|q 2026-04-30
|r 2026-04-23
|s 2026-04-23
|t 1
|v 7658.00
|w 2025-10-27
|y BK
|x Requisitioned by Gazi Md. Mizanur Rahman (Assistant Professor, Department of English and Humanities, BRAC University) for the course named- 'Global Migration & Transnational Community (HST 408)'
|